Ben Mustafa Kemal (Record no. 5072)

MARC details
000 -BAŞLIK
Sabit Uzunlukta Kontrol Alanı 00704na a2200241 4500
001 - KONTROL NUMARASI
Denetim Alanı 13891
003 - KONTROL NUMARASI IDENTIFIER
Denetim Alanı MIRAKIL
005 - SON İŞLEM TARİHİ VE ZAMANI
Denetim Alanı 20181213155026.0
008 - SABİT-BOY VERİ ELEMANLARI - GENEL BİLGİLER
Sabit Uzunlukta Kontrol Alanı 160827b tu 000 0
020 ## - ULUSLARARASI STANDART KİTAP NUMARASI
Uluslararası Standart Kitap Numarası 9758295152
035 ## - SİSTEM KONTROL NUMARASI
Sistem Kontrol Numarası 13891
040 ## - KATALOGLAMA KAYNAK
Orijinal Kataloglama Ajansı Milas
Kataloglama Dili tur
Metne Dönüştürmek Ajansı TR-AnCHP
082 ## - DEWEY ONLU SINIFLANDIRMA NUMARASI
Sınıflandırma Numarası ATA 923.156
Ürün Numarası Y28b 2002
090 ## - SINIFLAMA NUMARASI
Sınıflama Numarası ATA 923.156 Y28b 2002
100 ## - ANA GİRİŞ - KİŞİSEL İSİM
Kişisel Ad Yavaşlı, Aydoğan
245 ## - BAŞLIK TABLOSU
Başlık Ben Mustafa Kemal
Sorumluluk Tablosu, Vb Aydoğan Yavaşlı
250 ## - EDITION TABLOSU
Baskı Beyanı 10.bs.
260 ## - YAYIN, DAĞITIM, VB
Yayın, Dağıtım, Vb Yeri İstanbul
Yayıncı, Dağıtıcı, Vs Adı Bulut yayınları
Yayın, Dağıtım, Vb Tarihi 2002
300 ## - FİZİKSEL TANIM
Kapsam 135 s.
Diğer Fiziksel Ayrıntıları fotg.
Boyutlar 18 sm.
600 ## - KONU KATMA GİRİŞ - KURUMSAL ADI
Kişisel Ad Atatürk, Mustafa Kemal
Genel Alt Bölümü Siyasal ve sosyal görüşler
600 ## - KONU KATMA GİRİŞ - KURUMSAL ADI
Kişisel Ad Atatürk, Mustafa Kemal
Bir Adıyla İlişkilendirilen Tarihler 1881-1938
Genel Alt Bölümü Yaşamöyküsü
942 ## - EKLENDİ GİRİŞ ELEMANLARI (KOHA)
Sınıflandırma Veya Raf Düzeni Kaynak Dewey Decimal Classification
Koha Öğesi Türü Books
999 ## - SİSTEM KONTROL NUMARALARI (KOHA)
Koha Biblionumber 5072
Koha Biblioitemnumber 5072
Holdings
Kalıcı Konum Mevcut Konum Edinme Tarihi Edinim Kaynak Toplam Check-Out'Lar Tam Çağrı Numarası Barkod Tarih Son Görülme İtibaren Geçerli Fiyatlar Koha Öğesi Türü
CHP Kütüphanesi CHP Kütüphanesi 08/19/2016 Bağış   ATA 923.156 Y28b 2002 001726 08/19/2016 08/19/2016 Books